[Event "Repentigny Lanaudiere"]
[Site "Repentigny"]
[Date "2007.08.18"]
[Round "2"]
[White "Beauchamp, Pierre"]
[Black "Lacroix, Serge"]
[Result "1/2-1/2"]
[WhiteElo "2053"]
[BlackElo "1924"]
[PlyCount "44"]
[EventDate "2007.08.17"]
[EventType "swiss"]
[EventRounds "5"]
[EventCountry "CAN"]
[SourceTitle "EXT 2022"]
[Source "ChessBase"]
[SourceDate "2021.10.06"]
[SourceVersion "1"]
[SourceVersionDate "2021.10.06"]
[SourceQuality "1"]

1. e4 e5 2. Nf3 Nc6 3. Bc4 Nf6 4. d3 Bc5 5. Nc3 d6 6. Bg5 Bg4 7. Nd5 Nd4 8. c3 Nxf3+ 9. gxf3 Bh5 10. d4 c6 11. dxc5 cxd5 12. Bxd5 dxc5 13. Qd3 Qd7 14. Bxf6 gxf6 15. 0-0-0 0-0-0 16. Qe3 Qc7 17. Rhg1 Rhg8 18. Rg3 Kb8 19. Qh6 Rxg3 20. fxg3 Bxf3 21. Rf1 Bg4 22. Rxf6 Be6 1/2-1/2

[Event "Montreal op"]
[Site "Montreal"]
[Date "1976.09.06"]
[Round "5"]
[White "Martin, Robert Bryan"]
[Black "Beauchamp, Pierre"]
[Result "0-1"]
[WhiteElo "1750"]
[BlackElo "1905"]
[PlyCount "128"]
[EventDate "1976.09.04"]
[EventType "swiss"]
[EventRounds "6"]
[EventCountry "CAN"]
[SourceTitle "EXT 2022"]
[Source "ChessBase"]
[SourceDate "2021.10.06"]
[SourceVersion "1"]
[SourceVersionDate "2021.10.06"]
[SourceQuality "1"]

1. d4 Nf6 2. c4 e6 3. Nf3 b6 4. g3 Bb7 5. Bg2 Be7 6. 0-0 0-0 7. Nc3 Ne4 8. Qc2 Nxc3 9. bxc3 f5 10. Nd2 Bxg2 11. Kxg2 Nc6 12. e3 Qe8 13. Nf3 Na5 14. Qd3 d6 15. Nd2 Rd8 16. f3 e5 17. e4 f4 18. Nb3 Nc6 19. Bd2 a5 20. a4 g5 21. g4 h5 22. h3 Kg7 23. d5 Nb8 24. Be1 Rh8 25. Bf2 Rh6 26. Qd1 Qg6 27. Qc2 Rdh8 28. Rh1 Nd7 29. Rag1 Nf6 30. Nd2 Qh7 31. Qb1 Bd8 32. Qf1 Kf8 33. Qb1 Nd7 34. Qe1 Nc5 35. Bxc5 dxc5 36. Nb1 hxg4 37. Kf2 g3+ 38. Ke2 Rxh3 39. Rxh3 Qxh3 40. Qf1 g4 41. Nd2 Qxf1+ 42. Nxf1 gxf3+ 43. Kxf3 Kf7 44. Kg4 Kg6 45. Nd2 Rh4+ 46. Kf3 Rh2 47. Rg2 Rh1 48. Kg4 Re1 49. Kf3 Re3+ 50. Kg4 Rxc3 51. Nf3 Bf6 52. Rd2 Rxc4 53. d6 cxd6 54. Rxd6 Kf7 55. Kf5 Bh8 56. Rxb6 Rb4 57. Rh6 Bg7 58. Ng5+ Kg8 59. Rg6 c4 60. Ne6 Rb7 61. Ng5 g2 62. Nf3 Rf7+ 63. Kg4 Rf6 64. Rg5 c3 0-1